[Event "Winnipeg TNT April op"]
[Site "Winnipeg"]
[Date "2018.04.10"]
[Round "2"]
[White "Wirtzfeld, Ryan"]
[Black "Magyar, Peter"]
[Result "1-0"]
[WhiteElo "1318"]
[BlackElo "1508"]
[PlyCount "89"]
[EventDate "2018.04.03"]
[EventType "swiss"]
[EventRounds "4"]
[EventCountry "CAN"]
[SourceTitle "EXT 2022"]
[Source "ChessBase"]
[SourceDate "2021.10.06"]
[SourceVersion "1"]
[SourceVersionDate "2021.10.06"]
[SourceQuality "1"]

1. d4 e6 2. c4 c5 3. Nc3 Nf6 4. Bg5 Be7 5. Nf3 cxd4 6. Nxd4 a6 7. e4 e5 8. Nf5 d6 9. Nxe7 Qxe7 10. Nd5 Qe6 11. Nc7+ Kd7 12. Nxe6 fxe6 13. Bxf6 gxf6 14. c5 Nc6 15. cxd6 Nd4 16. Qa4+ b5 17. Qd1 Bb7 18. f3 Rac8 19. Rc1 Bc6 20. Bd3 Kxd6 21. 0-0 Ke7 22. Rf2 Rcd8 23. Rd2 h5 24. Bf1 h4 25. Rxc6 Nxc6 26. Rxd8 Rxd8 27. Qe1 Rh8 28. Qc3 Kd7 29. a4 b4 30. Qd3+ Ke7 31. Qxa6 Nb8 32. Qb7+ Kd6 33. Qxb4+ Kc7 34. Qc5+ Kd8 35. Qd6+ Nd7 36. Bb5 Rh7 37. Bxd7 Rxd7 38. Qxe6 Rd1+ 39. Kf2 Rd2+ 40. Ke3 Rxg2 41. Qxf6+ Kd7 42. Qxh4 Rxb2 43. Qg4+ Kd6 44. Qg8 Rxh2 45. Qd5+ 1-0

[Event "Winnipeg TNT February op"]
[Site "Winnipeg"]
[Date "2018.02.13"]
[Round "2.6"]
[White "Wirtzfeld, Ryan"]
[Black "Magyar, Peter"]
[Result "0-1"]
[WhiteElo "1347"]
[BlackElo "1518"]
[PlyCount "72"]
[EventDate "2018.02.06"]
[EventType "swiss"]
[EventRounds "4"]
[EventCountry "CAN"]
[SourceTitle "EXT 2022"]
[Source "ChessBase"]
[SourceDate "2021.10.06"]
[SourceVersion "1"]
[SourceVersionDate "2021.10.06"]
[SourceQuality "1"]

1. c4 Nf6 2. g3 c5 3. Bg2 e6 4. Nc3 a6 5. a4 d6 6. e3 Nbd7 7. Nge2 Be7 8. 0-0 Rb8 9. e4 b6 10. d4 0-0 11. d5 Ne5 12. Nf4 Nxc4 13. Bh3 e5 14. Bxc8 Qxc8 15. Nd3 Na5 16. Bg5 c4 17. Nc1 Qh3 18. b4 Ng4 19. Qxg4 Qxg4 20. Bxe7 Rfe8 21. Bxd6 Rbd8 22. Bc7 Rc8 23. Bxb6 Nb3 24. Nxb3 cxb3 25. Nd1 Qxe4 26. d6 Rb8 27. d7 Rf8 28. d8Q Rfxd8 29. Bxd8 Rxd8 30. Nc3 Qxb4 31. Rfd1 Rd4 32. Nd5 Qd6 33. Ne3 g6 34. Rdb1 Rb4 35. Rd1 Rd4 36. Ra3 Qxa3 0-1

[Event "Winnipeg Rosenbloom Memorial"]
[Site "Winnipeg"]
[Date "2017.12.19"]
[Round "7"]
[White "Wirtzfeld, Ryan"]
[Black "Piche, Zachary"]
[Result "0-1"]
[WhiteElo "1334"]
[BlackElo "1344"]
[PlyCount "60"]
[EventDate "2017.11.07"]
[EventType "swiss"]
[EventRounds "7"]
[EventCountry "CAN"]
[SourceTitle "EXT 2022"]
[Source "ChessBase"]
[SourceDate "2021.10.06"]
[SourceVersion "1"]
[SourceVersionDate "2021.10.06"]
[SourceQuality "1"]

1. d4 Nf6 2. Nf3 e6 3. Bf4 b6 4. e3 Bb7 5. Bd3 c5 6. c4 Nc6 7. Nc3 cxd4 8. Nb5 Bb4+ 9. Kf1 0-0 10. a3 Be7 11. exd4 d5 12. Ne5 a6 13. Nxc6 Bxc6 14. Nc3 dxc4 15. Bxc4 b5 16. Ba2 b4 17. axb4 Bxb4 18. Bc4 Bxc3 19. bxc3 Bd5 20. Qa4 Qc8 21. Bxd5 Nxd5 22. Bd6 Rd8 23. Bc5 Nxc3 24. Qc4 Nb5 25. Qa4 e5 26. Bb6 Rd7 27. dxe5 Qc6 28. Be3 Qd5 29. Bf4 Qd3+ 30. Ke1 Nc3 0-1